TH-MS-ST6Gal 1 Targeted and new castle disease virus mediated combinational therapy for cancer (Record no. 480756)

000 -LEADER
fixed length control field 00637nam a22002057a 4500
003 - CONTROL NUMBER IDENTIFIER
control field ASAB
005 - DATE AND TIME OF LATEST TRANSACTION
control field 20180827062822.0
008 - FIXED-LENGTH DATA ELEMENTS--GENERAL INFORMATION
fixed length control field 180330t xxu||||| |||| 00| 0 eng d
040 ## - CATALOGING SOURCE
Transcribing agency ASAB
082 ## - DEWEY DECIMAL CLASSIFICATION NUMBER
Classification number Thesis 2016 TK
100 ## - MAIN ENTRY--PERSONAL NAME
Personal name Tahira Khan-sup-Dr. Aneela Javed
9 (RLIN) 3581
245 ## - TITLE STATEMENT
Title TH-MS-ST6Gal 1 Targeted and new castle disease virus mediated combinational therapy for cancer
Statement of responsibility, etc. Tahira Khan-sup-Dr. Aneela Javed
250 ## - EDITION STATEMENT
Edition statement 2016
260 ## - PUBLICATION, DISTRIBUTION, ETC.
Place of publication, distribution, etc. Islamabad.
Name of publisher, distributor, etc. ASAB NUST islamabad.
Date of publication, distribution, etc. 2016
300 ## - PHYSICAL DESCRIPTION
Extent 96 P.
630 ## - SUBJECT ADDED ENTRY--UNIFORM TITLE
Uniform title Healthcare biotechnology
9 (RLIN) 3582
630 ## - SUBJECT ADDED ENTRY--UNIFORM TITLE
Uniform title cancer
9 (RLIN) 3583
630 ## - SUBJECT ADDED ENTRY--UNIFORM TITLE
Uniform title ST6Gal 1
9 (RLIN) 3584
942 ## - ADDED ENTRY ELEMENTS (KOHA)
Source of classification or shelving scheme
Koha item type
Holdings
Withdrawn status Lost status Source of classification or shelving scheme Damaged status Not for loan Permanent Location Current Location Date acquired Total Checkouts Full call number Barcode Date last seen Date last checked out Price effective from Koha item type Shelving location
          Atta-ur-Rahman School of Applied Biosciences (ASAB) Atta-ur-Rahman School of Applied Biosciences (ASAB) 03/30/2018 1 Thesis 2016 TK ASABMS-31-16 08/17/2018 08/17/2018 03/30/2018    
          Central Library (CL) Central Library (CL) 01/26/2020   660.01 Thesis 2016 TK CL-T-4838 01/26/2020   01/26/2020 Thesis Thesis
© 2023 Central Library, National University of Sciences and Technology. All Rights Reserved.